Kannada rashtriyate (Record no. 120620)
[ view plain ]
| 000 -LEADER | |
|---|---|
| fixed length control field | 02369nam a2200229Ia 4500 |
| 003 - CONTROL NUMBER IDENTIFIER | |
| control field | OSt |
| 005 - DATE AND TIME OF LATEST TRANSACTION | |
| control field | 20251111104506.0 |
| 008 - FIXED-LENGTH DATA ELEMENTS--GENERAL INFORMATION | |
| fixed length control field | 210210b2015 xxu||||| |||| 00| 0 eng d |
| 040 ## - CATALOGING SOURCE | |
| Transcribing agency | AL |
| 041 ## - LANGUAGE CODE | |
| Language code of text/sound track or separate title | Kannada |
| 082 ## - DEWEY DECIMAL CLASSIFICATION NUMBER | |
| Classification number | K894.4 BANK |
| 100 ## - MAIN ENTRY--PERSONAL NAME | |
| Personal name | BANJAGERE JAYAPRAKASH |
| Dates associated with a name | ಬಂಜಗೆರೆ ಜಯಪ್ರಕಾಶ್ |
| 9 (RLIN) | 244951 |
| 245 ## - TITLE STATEMENT | |
| Title | Kannada rashtriyate |
| Remainder of title | ಕನ್ನಡ ರಾಷ್ಟ್ರೀಯತೆ |
| 260 ## - PUBLICATION, DISTRIBUTION, ETC. | |
| Place of publication, distribution, etc. | Bengaluru |
| Name of publisher, distributor, etc. | Abhinava Prakashana |
| Date of publication, distribution, etc. | 2015 |
| 300 ## - PHYSICAL DESCRIPTION | |
| Extent | xi,383 |
| 520 ## - SUMMARY, ETC. | |
| Summary, etc. | <br/>'ರಾಷ್ಟ್ರೀಯತೆ' ಎನ್ನುವುದನ್ನು ಆಯಾ ಭಾಷಿಕ ಜನರ ಬದುಕಿನ ಏಕರೂಪೀ ನೆಲೆಯಲ್ಲಿ ಮಾತ್ರ ಗ್ರಹಿಸಲಾಗುವುದಿಲ್ಲ. ಏಕೆಂದರೆ ಭಾಷಾ ಸಂವೇದನೆ ಇಂಥ ಕಡೆ ಬಹುಪಾಲು ಅಮುಖ್ಯವಾಗಿ ಆಯಾ ಭಾಷಿಕ ಸಮುದಾಯದ ವರ್ಗ, ಜಾತಿ ಶ್ರೇಣೀಕರಣಗಳು ಮುನ್ನೆಲೆಗೆ ಬಂದುಬಿಡುತ್ತವೆ. ಆದ್ದರಿಂದ ರಾಷ್ಟ್ರೀಯತೆ ಎನ್ನುವುದು ವರ್ಗ, ಜಾತಿ ಶ್ರೇಣೀಕರಣವನ್ನು ಮೀರಿದ ಒಂದು ಸಂವೇದನೆಯೆಂದೇ ನಾವು ಗ್ರಹಿಸಬೇಕಾಗುತ್ತದೆ. ಇಂಥ ಸಂವೇದನೆ ಎಲ್ಲ ಕಾಲಕ್ಕೂ ಆಯಾ ಭಾಷಿಕ ಜನರ ಬದುಕಿನಲ್ಲಿ ಜಾಗೃತವಾಗಿರುತ್ತದೆಯೇ? ಈ ಪ್ರಶ್ನೆಗೆ ಉತ್ತರ ಬಹುಶಃ ನಕಾರಾತ್ಮಕವಾಗಿಯೇ ಇರುತ್ತದೆ. ಏಕೆಂದರೆ ಚರಿತ್ರೆಯ ಗತಿತರ್ಕವು ಮನುಷ್ಯನ ಬದುಕನ್ನು, ಭಾಷೆಯ ಚಹರೆಯನ್ನೇ ಪ್ರಧಾನವೆಂದು ಎಲ್ಲ ವೇಳೆಯಲ್ಲೂ ಭಾವಿಸುವುದಿಲ್ಲ.<br/><br/>-ಬಸವರಾಜ ಕಲ್ಗುಡಿ |
| 650 ## - SUBJECT ADDED ENTRY--TOPICAL TERM | |
| Source of heading or term | Kannada rashtriyate: samajika, samskratika berugala rajakiyartika adhyayana |
| 650 ## - SUBJECT ADDED ENTRY--TOPICAL TERM | |
| Topical term or geographic name entry element | ಕನ್ನಡ ರಾಷ್ಟ್ರೀಯತೆ: ಸಾಮಾಜಿಕ, ಸಾಂಸ್ಕೃತಿಕ ಬೇರುಗಳ ರಾಜಕೀಯ ಅಧ್ಯಯನ |
| 9 (RLIN) | 244953 |
| 690 ## - LOCAL SUBJECT ADDED ENTRY--TOPICAL TERM (OCLC, RLIN) | |
| Topical term or geographic name as entry element | Kannada Prose |
| 9 (RLIN) | 244952 |
| 906 ## - LOCAL DATA ELEMENT F, LDF (RLIN) | |
| a | 071275 |
| 942 ## - ADDED ENTRY ELEMENTS (KOHA) | |
| Source of classification or shelving scheme | Dewey Decimal Classification |
| Koha item type | Book |
| Withdrawn status | Lost status | Source of classification or shelving scheme | Damaged status | Not for loan | Collection code | Home library | Current library | Shelving location | Date acquired | Source of acquisition | Cost, normal purchase price | Total Checkouts | Full call number | Barcode | Date last seen | Price effective from | Koha item type |
|---|---|---|---|---|---|---|---|---|---|---|---|---|---|---|---|---|---|
| Dewey Decimal Classification | Kannada | St Aloysius Library | St Aloysius Library | 02/17/2021 | Navakarnataka Publication Pvt Ltd Mangalore | 375.00 | K894.4 BANK | 071275 | 02/17/2021 | 02/17/2021 | Book |